00706cam a22002291 4500001001300000003000400013005001700017008004100034010001700075035002000092040001800112042001200130050001500142100002600157245005800183260005500241300001800296500005400314505006800368650002300436999001700459sa 68008884 DLC20260227112537.0890925q19601969io 000 0 ind  asa 68008884  a(OCoLC)23541427 aDLCcMiUdDLC apremarc00aBP70b.A230 aAbubakar Aceh,d1909-10aKesutian empat imam mazhab,coleh H. Aboebakar Atjeh. aTjirebon,bToko Messir Abdullah bin Apiffc[196-?] a47 p.c15 cm. aImprint on cover: Toko Messir Abdullah bin Afiff.1 aAbu Hanifah.--2. Asj-Sjafi'l.--3. Imam Malik.--4. Imam Hanbali. 0aMuslimsxBiography c82620d82620